000 00690nam a22002057a 4500
005 20251108170838.0
008 250721s1997 xx 000 0 ara d
082 1 4 _aط/618.92/مور
100 1 _aموريس، راغدة
_eمؤلف
245 1 0 _aالاسعافات الأولية للطفل /
264 1 _aبيروت :
_bدار المؤلف للنشر والتوزيع،
_c1997.
300 _a47ص.
490 0 _aالطفل صحته وعناية
650 1 7 _aرعاية الطفولة
650 1 7 _aالصحية امراض الأطفال
650 1 7 _aالأسعافات الأولية
653 _aناشئون كبار (15-18) سنة
942 _2ddc
_cBK
999 _c50359
_d50359